书目信息 |
| 题名: |
房屋建筑学
|
|
| 作者: | 钱坤 , 王若竹 主编 | |
| 分册: | 上 民用建筑 | |
| 出版信息: | 北京 北京大学出版社 2009.02 |
|
| 页数: | 307页 | |
| 开本: | 26cm | |
| 丛书名: | ||
| 单 册: | ||
| 中图分类: | TU22 , TU24 | |
| 科图分类: | ||
| 主题词: | 房屋建筑学--fang wu jian zhu xue--高等学校--教材 , 民用建筑--min yong jian zhu--房屋建筑学--高等学校--教材 | |
| 电子资源: | ||
| ISBN: | 978-7-301-14882-2 | |
| 000 | 01102nam0 2200289 450 | |
| 001 | 012009881487 | |
| 005 | 20120408134434.90 | |
| 010 | @a978-7-301-14882-2@dCNY32.00 | |
| 100 | @a20091015d2009 em y0chiy0120 ea | |
| 101 | 0 | @achi |
| 102 | @aCN@b110000 | |
| 105 | @aa a 000yy | |
| 200 | 1 | @a房屋建筑学@Afang wu jian zhu xue@h上@i民用建筑@f钱坤, 王若竹主编@Fqian kun,wang ruo zhu zhu bian |
| 210 | @a北京@c北京大学出版社@d2009.02 | |
| 215 | @a307页@c图@d26cm | |
| 300 | @a21世纪全国本科院校土木建筑类创新型应用人才培养规划教材 | |
| 320 | @a有书目 (第306-307页) | |
| 330 | @a本书阐述民用建筑设计与建筑构造的基本原理和应用知识。内容包括:建筑平面设计、建筑剖面设计、建筑体型和立面设计、民用建筑构造概论、基础和地下室等。 | |
| 517 | 1 | @a民用建筑@Amin yong jian zhu |
| 606 | 0 | @a房屋建筑学@Afang wu jian zhu xue@x高等学校@j教材 |
| 606 | 0 | @a民用建筑@Amin yong jian zhu@x房屋建筑学@x高等学校@j教材 |
| 690 | @aTU22@v4 | |
| 690 | @aTU24@v4 | |
| 701 | 0 | @a钱坤@Aqian kun@4主编 |
| 701 | 0 | @a王若竹@Awang ruo zhu@4主编 |
| 801 | 0 | @aCN@bQSSK@c20091015 |
| 905 | @b763056-58@dTU22@eQ215:1@f3 | |
| 房屋建筑学.上.民用建筑/钱坤, 王若竹主编.-北京:北京大学出版社,2009.02 |
| 307页:图;26cm |
| 21世纪全国本科院校土木建筑类创新型应用人才培养规划教材 |
| ISBN 978-7-301-14882-2:CNY32.00 |
| 本书阐述民用建筑设计与建筑构造的基本原理和应用知识。内容包括:建筑平面设计、建筑剖面设计、建筑体型和立面设计、民用建筑构造概论、基础和地下室等。 |
| ● |
| 相关链接 |
|
|
|
正题名:房屋建筑学
索取号:TU22/Q215:1
 
预约/预借
| 序号 | 登录号 | 条形码 | 馆藏地/架位号 | 状态 | 备注 |
| 1 | 485524 | 204855246 | 土木与交通工程学院资料室/ [索取号:TU22/Q215:1] | 在馆 | |
| 2 | 763056 | 207630562 | 建筑库101/101建筑库 45排7列3层/ [索取号:TU22/Q215:1] | 在馆 | |
| 3 | 763057 | 207630571 | 建筑库101/101建筑库 45排7列3层/ [索取号:TU22/Q215:1] | 在馆 | |
| 4 | 763058 | 207630580 | 建筑库101/101建筑库 45排7列3层/ [索取号:TU22/Q215:1] | 在馆 |